000 00475nam a22001697a 4500
003 NUST
005 20260514095222.0
008 260514b ||||| |||| 00| 0 eng d
020 _a 978-1501523168
082 _a720.284
_bHAM
100 _a Munir Hamad
_9134454
245 _aAutoCAD 2025 Beginning and Intermediate /
_c Munir Hamad.
260 _aUSA:
_bMercury Learning and Information,
_c2024.
300 _a742 p ;
_c30.10 cm
563 _aPaperback
942 _2ddc
_cBK
999 _c617446
_d617446